| 000 | 00498nam a2200169Ia 4500 | ||
|---|---|---|---|
| 003 | IN-BaIIA | ||
| 008 | 211028s9999 xx 000 0 eng d | ||
| 040 | _cIIA Library | ||
| 080 |
_a047.1:52 _bVIA-18 |
||
| 245 | 0 |
_aVistas in astronomy : Kepler four hundred years _bvol. 18 _cedited by Beer, Arthur |
|
| 260 |
_aOxford _bPergamon Press _c1975 |
||
| 300 | _axix,1034p. | ||
| 650 |
_aAstronomy _980 |
||
| 650 | _aAstronomy and Astrophysics Thesaurus | ||
| 700 |
_aBeer, Peter, ed. _99434 |
||
| 942 | _cBK | ||
| 999 |
_c5424 _d5424 |
||